000 01258cam a2200289 a 4500
003 EG-GiCUC
005 20250223032221.0
008 190306s1997 ua dh f m 000 0 eng d
040 _aEG-GiCUC
_beng
_cEG-GiCUC
041 0 _aeng
049 _aDeposite
097 _aM.Sc
099 _aCai01.11.14.M.Sc.1997.Re.M
100 0 _aRefaat Nabih Rabi
245 1 0 _aMorphometric and histochemical analysis of pretracheal muscles in patients with cervical and retrosternal goitres /
_cRefaat Nabih Rabi ; Supervied Mohammed Kenawi , Zakaria Abdelhameed , Magdy Abdelwahab Haggag
246 1 5 _aمقياس الشكل وتحليل كيمياء النسيج لعضلات أمام الرُغامي في المرضى ذوى الدُراق العنقى وخلف القصى
260 _aCairo :
_bRefaat Nabih Rabi ,
_c1997
300 _a87 P. :
_bcharts , facsimiles ;
_c25cm
502 _aThesis (M.Sc.) - Cairo University - Faculty of Medicine - Department of General Surgery
700 0 _aMagdy Abdelwahab Haggag ,
_eSupervisor
700 0 _aMohammed Kenawi ,
_eSupervisor
700 0 _aZakaria Abdelhameed ,
_eSupervisor
856 _uhttp://172.23.153.220/th.pdf
905 _aNazla
_eRevisor
905 _aRania
_eCataloger
942 _2ddc
_cTH
999 _c70675
_d70675